000 01009nam a2200301 i 4500
003 EG-GICUC
005 20260503080113.0
008 260503s1933 fr ||||fr|||| 000 0 fre d
040 _aEG-GiCUC
_bfre
_cEG-GiCUC
_dEG-GiCUC
_erda
082 0 4 _221
_a343.3
_bBO . C
092 0 4 _221
099 _aLaw1 10 343.3 BO . C 1933
100 1 _aBourdeaux, Henry
_eAuteur
245 1 0 _aCode D'instruction Criminelle :
_bAnnoté D'après La Doctrine Et La Jurisprudence Avec Renvois Aux Publications Dalloz /
_cHenry Bourdeaux.
_n
250 _aTrente Et Aunteme Edition
264 1 _aParis :
_bJurisprudence Générale Dalloz,
_c1933.
300 _a371pages :
_billustrations,
_c24 cm
336 _2rda content
_atext
337 _2rda media
_aComputer
338 _2rda carrier
_aOnline Resource
504 _a
546 _aTexte en français
650 1 4 _aDroit pénal
_2
651 1 _2
856 4 0 _uhttps://fll.law.cu.edu.eg/fulltext/bks/B10-10686.pdf
905 _a50
942 _2ddc
_cBK
_e21
_n0
999 _c75051
_d75051